[Event "DEM U10/U10w 2000"]
[Site "Überlingen GER"]
[Date "2000.06.09"]
[Round "10"]
[White "Marx, Heiner"]
[Black "von Berg, Martin"]
[Result "0-1"]
[Termination "normal"]
[Board "38"]
[WhiteElo "202"]
[BlackElo "875"]
[PlyCount "74"]
[EventCountry "GER"]
[EventRounds "11"]
[EventType "swiss"]
[EventDate "2000.06.03"]

1. e4 c5 2. c3 Nc6 3. Nf3 g6 4. d4 cxd4 5. cxd4 d5 6. e5 e6 7. Bg5 Be7 8. Bxe7
Ngxe7 9. Be2 Bd7 10. Nc3 Qb6 11. b3 Nf5 12. Nb5 a6 13. Nd6+ Nxd6 14. exd6 Qb4+
15. Qd2 Qxd6 16. O-O O-O-O 17. Rac1 Kb8 18. Ng5 Qe7 19. Qf4+ Ka8 20. Nxf7 Rdf8
21. Qd2 Rxf7 22. Qc3 Qb4 23. Qc2 Nxd4 24. Qb2 Nxe2+ 25. Qxe2 Rhf8 26. Rc7 Qd6
27. Rfc1 Bc6 28. Rxf7 Rxf7 29. Qg4 Qe5 30. Qb4 Qf5 31. Qd6 Qxf2+ 32. Kh1 d4 33.
Qd8+ Ka7 34. Rg1 Bxg2+ 35. Rxg2 Qe1+ 36. Rg1 Qe4+ 37. Rg2 Rf1# 0-1

[Event "DEM U10/U10w 2000"]
[Site "Überlingen GER"]
[Date "2000.06.09"]
[Round "10"]
[White "Mucha, Annegret"]
[Black "Hoffmann, Lena"]
[Result "1-0"]
[Termination "normal"]
[Board "39"]
[WhiteElo "485"]
[BlackElo "233"]
[PlyCount "143"]
[WhiteFideId "24622788"]
[BlackFideId "24626597"]
[EventCountry "GER"]
[EventRounds "11"]
[EventType "swiss"]
[EventDate "2000.06.03"]

1. e4 e5 2. Nf3 Nc6 3. Bc4 Nf6 4. c3 d5 5. exd5 Nxd5 6. d4 e4 7. Nfd2 Bf5 8.
O-O Be7 9. Nb3 O-O 10. Re1 a6 11. Nc5 b5 12. Bb3 a5 13. Nxe4 a4 14. Bc2 Re8 15.
Ng3 Bxc2 16. Qxc2 b4 17. Qd1 bxc3 18. Nxc3 Bb4 19. Rxe8+ Qxe8 20. Nxd5 Bd6 21.
Be3 Ra5 22. Nc3 Qa8 23. a3 Ne7 24. Nge4 Ra6 25. Nxd6 Rxd6 26. Qxa4 Qxa4 27.
Nxa4 Nf5 28. Rd1 Rg6 29. g3 Ra6 30. Nc5 Rb6 31. b4 h5 32. Kg2 h4 33. gxh4 Nxh4+
34. Kg3 Nf5+ 35. Kf3 Rf6 36. Kg2 Nh4+ 37. Kh3 Nf5 38. a4 Nxe3 39. fxe3 Rf3+ 40.
Kg2 Rxe3 41. a5 Ra3 42. a6 g5 43. b5 Ra5 44. Rb1 f5 45. b6 cxb6 46. Rxb6 g4 47.
h3 gxh3+ 48. Kxh3 Ra3+ 49. Kg2 f4 50. d5 f3+ 51. Kf2 Ra5 52. Rc6 Kf8 53. Rc7
Ke8 54. a7 Kd8 55. d6 Ra2+ 56. Kxf3 Ra3+ 57. Ke4 Ra1 58. Kd5 Rd1+ 59. Kc6 Ra1
60. Nb7+ Ke8 61. d7+ Ke7 62. d8=R+ Ke6 63. Re8+ Kf6 64. Nd6 Ra6+ 65. Kb7 Rxd6
66. a8=R Kf5 67. Rf7+ Kg5 68. Rg8+ Kh6 69. Ra1 Rd5 70. Rh1+ Rh5 71. Rxh5+ Kxh5
72. Rh7# 1-0

[Event "DEM U10/U10w 2000"]
[Site "Überlingen GER"]
[Date "2000.06.09"]
[Round "10"]
[White "Farnbacher, Christa"]
[Black "Scheerer, Kim"]
[Result "1/2-1/2"]
[Termination "normal"]
[Board "41"]
[WhiteElo "348"]
[BlackElo "879"]
[PlyCount "58"]
[EventCountry "GER"]
[EventRounds "11"]
[EventType "swiss"]
[EventDate "2000.06.03"]

1. e4 e5 2. Nf3 Nc6 3. Bc4 Bc5 4. c3 Nf6 5. d4 exd4 6. cxd4 Bb4+ 7. Bd2 Bxd2+
8. Nbxd2 O-O 9. O-O d5 10. exd5 Nxd5 11. Bxd5 Qxd5 12. Nb3 Bg4 13. Qd3 Bxf3 14.
gxf3 Qg5+ 15. Kh1 Rfe8 16. Rg1 Qh6 17. Rg2 Re7 18. Rag1 g6 19. Qd2 Qh5 20. d5
Ne5 21. Qb4 Ree8 22. Qxb7 Nxf3 23. Rd1 Re1+ 24. Rxe1 Nxe1 25. Qxa8+ Kg7 26. Rg3
Qd1 27. h3 Qb1 28. Nd2 Nf3+ 29. Kg2 Nxd2 1/2-1/2

[Event "DEM U10/U10w 2000"]
[Site "Überlingen GER"]
[Date "2000.06.09"]
[Round "10"]
[White "Benzen, Marthe"]
[Black "Ugur, Özgür"]
[Result "1/2-1/2"]
[Termination "normal"]
[Board "44"]
[WhiteElo "624"]
[BlackElo "183"]
[PlyCount "136"]
[WhiteFideId "24647764"]
[EventCountry "GER"]
[EventRounds "11"]
[EventType "swiss"]
[EventDate "2000.06.03"]

1. e4 e5 2. Nf3 Nc6 3. Bc4 Bc5 4. Nc3 Nf6 5. d3 h6 6. Be3 Bb6 7. a3 O-O 8. Nd5
d6 9. h3 Be6 10. O-O Bxd5 11. exd5 Ne7 12. Bxb6 axb6 13. d4 Nexd5 14. Bxd5 Nxd5
15. dxe5 dxe5 16. Nxe5 Re8 17. Re1 Nf6 18. Ng4 Rxe1+ 19. Qxe1 Nxg4 20. hxg4 Qe8
21. Qd2 Rd8 22. Qe1 Qa4 23. Qe7 Qd7 24. Qxd7 Rxd7 25. Re1 Kf8 26. f3 Rd2 27.
Rc1 Ke7 28. b3 Kf6 29. a4 Rd5 30. Kf2 g6 31. Rh1 Kg7 32. Re1 h5 33. gxh5 gxh5
34. Rg1 Rd2+ 35. Kg3 Rxc2 36. Kh4 Kh6 37. Re1 Rxg2 38. Re7 Rf2 39. Rxf7 Kg6 40.
Rxc7 Rxf3 41. Rxb7 Rxb3 42. a5 Rb4+ 43. Kh3 Rb3+ 44. Kh4 Rb4+ 45. Kg3 h4+ 46.
Kh3 bxa5 47. Ra7 Ra4 48. Ra6+ Kg5 49. Rc6 Ra3+ 50. Kh2 Rf3 51. Rc5+ Rf5 52. Rc2
a4 53. Ra2 Ra5 54. Rg2+ Kh5 55. Ra2 a3 56. Kg2 Kg4 57. Kf1 h3 58. Kg1 Kg3 59.
Kh1 Ra4 60. Ra1 a2 61. Kg1 Ra3 62. Kh1 h2 63. Rxa2 Rf3 64. Ra1 Kh3 65. Re1 Rg3
66. Rd1 Rf3 67. Rd3 Rg3 68. Rxg3+ Kxg3 1/2-1/2

[Event "DEM U10/U10w 2000"]
[Site "Überlingen GER"]
[Date "2000.06.10"]
[Round "11"]
[White "Bindrich, Falko"]
[Black "Schneider, David"]
[Result "1/2-1/2"]
[Termination "normal"]
[Board "1"]
[WhiteElo "1645"]
[BlackElo "1421"]
[PlyCount "52"]
[WhiteFideId "4676670"]
[BlackFideId "4697111"]
[EventCountry "GER"]
[EventRounds "11"]
[EventType "swiss"]
[EventDate "2000.06.03"]

1. e4 e5 2. Nf3 Nc6 3. Bb5 Nf6 4. O-O d6 5. d4 Bd7 6. Bxc6 Bxc6 7. dxe5 dxe5 8.
Qe2 Bd6 9. Nc3 a6 10. Bg5 h6 11. Bh4 Qe7 12. Rfe1 Qe6 13. a3 O-O 14. Rad1 Rfe8
15. h3 Be7 16. Bg3 Bd6 17. Qf1 Rad8 18. b4 b5 19. Nd2 Nd7 20. Nb3 Nb6 21. f4
exf4 22. e5 Be7 23. Qxf4 Nd5 24. Nxd5 Rxd5 25. Nd4 Qd7 26. c3 Bb7 1/2-1/2

[Event "DEM U10/U10w 2000"]
[Site "Überlingen GER"]
[Date "2000.06.10"]
[Round "11"]
[White "Baldauf, Marco"]
[Black "Lutz, Bernhard"]
[Result "1-0"]
[Termination "normal"]
[Board "2"]
[WhiteElo "1278"]
[BlackElo "1113"]
[PlyCount "69"]
[WhiteFideId "4688210"]
[BlackFideId "24628638"]
[EventCountry "GER"]
[EventRounds "11"]
[EventType "swiss"]
[EventDate "2000.06.03"]

1. d4 e6 2. Nf3 f5 3. g3 b6 4. Bg2 Bb7 5. O-O Nf6 6. b3 Be7 7. Bb2 O-O 8. Nbd2
h6 9. c4 d6 10. Qc2 Nbd7 11. a3 c5 12. Rad1 Qc7 13. Rfe1 Rfe8 14. Qb1 Ne4 15.
Nxe4 Bxe4 16. Qa1 Nf6 17. Rd2 Rad8 18. Red1 cxd4 19. Nxd4 Bf8 20. Nb5 Qb7 21.
f3 Bc6 22. Nxd6 Rxd6 23. Rxd6 Bxd6 24. Rxd6 Ng4 25. Rxc6 Qxc6 26. fxg4 Qc7 27.
gxf5 exf5 28. Bd5+ Kh8 29. Bf3 Rd8 30. Qc1 Kh7 31. Qc2 Qf7 32. b4 Rc8 33. c5
Qf8 34. c6 Qf7 35. Be5 1-0

[Event "DEM U10/U10w 2000"]
[Site "Überlingen GER"]
[Date "2000.06.10"]
[Round "11"]
[White "Bentz, Matthias"]
[Black "Kleine, Jannik"]
[Result "1/2-1/2"]
[Termination "normal"]
[Board "3"]
[WhiteElo "1623"]
[BlackElo "1205"]
[PlyCount "46"]
[EventCountry "GER"]
[EventRounds "11"]
[EventType "swiss"]
[EventDate "2000.06.03"]

1. e4 e5 2. Nf3 Nc6 3. Bc4 Nd4 4. Nxd4 exd4 5. d3 Bc5 6. Nd2 Ne7 7. O-O O-O 8.
Nf3 d5 9. exd5 Nxd5 10. a3 Re8 11. b4 Bb6 12. Bb2 Ne3 13. fxe3 dxe3 14. Qe2 Bg4
15. h3 Bh5 16. Kh1 Kh8 17. Bb3 Qd6 18. c4 c5 19. b5 Bc7 20. g4 Bg6 21. Bc2 f5
22. gxf5 Bxf5 23. Rg1 Re7 1/2-1/2

[Event "DEM U10/U10w 2000"]
[Site "Überlingen GER"]
[Date "2000.06.10"]
[Round "11"]
[White "Lubbe, Nikolas"]
[Black "Rafiee, Makan"]
[Result "1/2-1/2"]
[Termination "normal"]
[Board "4"]
[WhiteElo "1110"]
[BlackElo "1148"]
[PlyCount "28"]
[WhiteFideId "4694031"]
[BlackFideId "24609340"]
[EventCountry "GER"]
[EventRounds "11"]
[EventType "swiss"]
[EventDate "2000.06.03"]

1. e4 c5 2. Nf3 d6 3. d4 cxd4 4. Nxd4 Nf6 5. Nc3 g6 6. f4 Nc6 7. Nxc6 bxc6 8.
e5 Nd7 9. exd6 exd6 10. Qf3 Bb7 11. Be3 d5 12. Be2 Bg7 13. O-O d4 14. Qe4+ Qe7
1/2-1/2

[Event "DEM U10/U10w 2000"]
[Site "Überlingen GER"]
[Date "2000.06.10"]
[Round "11"]
[White "Fuchs, Judith"]
[Black "Körnlein, Daniel"]
[Result "0-1"]
[Termination "normal"]
[Board "5"]
[WhiteElo "727"]
[BlackElo "1004"]
[PlyCount "122"]
[WhiteFideId "24605611"]
[EventCountry "GER"]
[EventRounds "11"]
[EventType "swiss"]
[EventDate "2000.06.03"]

1. e4 c5 2. Nf3 d6 3. d4 cxd4 4. Nxd4 Nf6 5. Nc3 g6 6. f3 Bg7 7. Be3 Nc6 8. Qd2
Bd7 9. g4 h5 10. gxh5 Nxh5 11. Nxc6 Bxc6 12. Bf2 O-O 13. Bh3 b5 14. Bg4 Nf6 15.
h3 Nd7 16. Bd4 Ne5 17. Qe2 Nxf3+ 18. Bxf3 Bxd4 19. Qd3 Bg7 20. h4 Rc8 21. h5
Bxc3+ 22. bxc3 g5 23. h6 f6 24. e5 Be8 25. Bd5+ Kh8 26. exf6 exf6 27. Kd2 Qe7
28. Rae1 Qc7 29. Rhg1 Bf7 30. Be4 Bxa2 31. Qd4 Qc5 32. Qd3 Qf2+ 33. Kd1 Bc4 34.
Qh3 Be2+ 35. Kc1 Qf4+ 36. Kb1 Qxe4 37. Qh2 Rxc3 38. Rxe2 Qb4+ 39. Kc1 Qf4+ 40.
Qxf4 gxf4 41. Re7 Rh3 42. Rxa7 Rxh6 43. Rf1 Rh4 44. Rd7 Rb8 45. Rxd6 Kg7 46.
Rd4 Kg6 47. c4 Rc8 48. Rg1+ Kf5 49. Rd5+ Ke4 50. Rxb5 Rxc4+ 51. Kd2 Rh2+ 52.
Kd1 Ra4 53. Rb1 Raa2 54. Rb4+ Kd3 55. Rb3+ Kc4 56. Rb1 f3 57. Rf1 Kd4 58. Rb4+
Ke5 59. Rb1 Kf4 60. Rb4+ Kg3 61. Rb1 Kg2 0-1

[Event "DEM U10/U10w 2000"]
[Site "Überlingen GER"]
[Date "2000.06.10"]
[Round "11"]
[White "Mandery, Markus"]
[Black "Schulz, Michael"]
[Result "1/2-1/2"]
[Termination "normal"]
[Board "6"]
[WhiteElo "1454"]
[BlackElo "863"]
[PlyCount "26"]
[WhiteFideId "24607126"]
[EventCountry "GER"]
[EventRounds "11"]
[EventType "swiss"]
[EventDate "2000.06.03"]

1. d4 d5 2. c4 e5 3. dxe5 d4 4. Nf3 Nc6 5. Bf4 Bc5 6. Nbd2 Nge7 7. a3 h5 8. h3
Be6 9. Rc1 a6 10. b4 Ba7 11. Nb3 Qd7 12. c5 Rd8 13. Na1 Qd5 1/2-1/2

[Event "DEM U10/U10w 2000"]
[Site "Überlingen GER"]
[Date "2000.06.10"]
[Round "11"]
[White "Müller, Jan Hendrik"]
[Black "Wortmann, Jonas"]
[Result "1/2-1/2"]
[Termination "normal"]
[Board "8"]
[WhiteElo "1144"]
[BlackElo "1184"]
[PlyCount "71"]
[WhiteFideId "24615048"]
[BlackFideId "24628069"]
[EventCountry "GER"]
[EventRounds "11"]
[EventType "swiss"]
[EventDate "2000.06.03"]

1. e4 c5 2. Nf3 Nc6 3. d4 cxd4 4. Nxd4 e6 5. g3 a6 6. Bg2 Bc5 7. Nb3 Ba7 8. O-O
Nf6 9. Re1 O-O 10. e5 Ne8 11. Nc3 Nc7 12. Bxc6 bxc6 13. Ne4 Nb5 14. c4 Nc7 15.
Bg5 f6 16. exf6 gxf6 17. Bh6 f5 18. Bxf8 Qxf8 19. Ng5 Qg7 20. Qh5 h6 21. Nh3 c5
22. Nf4 Kh7 23. Nd3 d6 24. Nd2 Bb7 25. Rab1 Rf8 26. Nf4 e5 27. Ng2 f4 28. Nh4
fxg3 29. hxg3 Qf6 30. Re2 Ne6 31. Rf1 Nd4 32. Re3 Rg8 33. Ne4 Bxe4 34. Rxe4 Rg5
35. Qd1 Rg7 36. Kh2 1/2-1/2

[Event "DEM U10/U10w 2000"]
[Site "Überlingen GER"]
[Date "2000.06.10"]
[Round "11"]
[White "Schlötzer, Waldemar"]
[Black "Wittmann, Thomas"]
[Result "0-1"]
[Termination "normal"]
[Board "9"]
[WhiteElo "1199"]
[BlackElo "1070"]
[PlyCount "152"]
[WhiteFideId "24602140"]
[EventCountry "GER"]
[EventRounds "11"]
[EventType "swiss"]
[EventDate "2000.06.03"]

1. d4 Nf6 2. c4 g6 3. Nc3 Bg7 4. e4 d6 5. Be3 O-O 6. f4 Ng4 7. Qd2 e5 8. Nf3
Nc6 9. O-O-O Qe8 10. d5 Ne7 11. h3 Nxe3 12. Qxe3 f5 13. exf5 Nxf5 14. Qf2 exf4
15. Ne2 Ne3 16. Re1 Nxc4 17. Nxf4 Ne5 18. Ng5 Qa4 19. g3 Qxa2 20. Qc2 Bf5 21.
Bd3 Bxd3 22. Nxd3 Nxd3+ 23. Qxd3 Qa1+ 24. Kd2 Qxb2+ 25. Kd1 a5 26. Nf3 Bh6 27.
Nd2 Bxd2 28. Qxd2 Qb3+ 29. Kc1 a4 30. Re7 Rf7 31. Rxf7 Kxf7 32. Qf4+ Kg8 33.
Qe4 Qc3+ 34. Kd1 Qe5 35. Qc4 Qa1+ 36. Qc1 Qxc1+ 37. Kxc1 b5 38. Kb2 b4 39. Rc1
Ra7 40. g4 Kf7 41. Re1 Ra5 42. Re4 Rb5 43. h4 h5 44. g5 Rxd5 45. Rxb4 Ke6 46.
Rxa4 Ke5 47. Ra8 Kf4 48. Rg8 Kg4 49. Rxg6 Kxh4 50. Rg7 c5 51. g6 Rg5 52. Rg8
Kg4 53. g7 h4 54. Rd8 Rxg7 55. Rxd6 h3 56. Rh6 Rg5 57. Kc3 Rh5 58. Re6 h2 59.
Re1 h1=Q 60. Rxh1 Rxh1 61. Kc4 Rd1 62. Kxc5 Kf5 63. Kc4 Ke4 64. Kc5 Rd2 65. Kc6
Ke5 66. Kc7 Ke6 67. Kc8 Ke7 68. Kc7 Rc2+ 69. Kb6 Kd6 70. Kb5 Kd5 71. Kb6 Rc1
72. Kb7 Kd6 73. Kb8 Kd7 74. Kb7 Rb1+ 75. Ka6 Kc6 76. Ka5 Kc5 0-1

[Event "DEM U10/U10w 2000"]
[Site "Überlingen GER"]
[Date "2000.06.10"]
[Round "11"]
[White "Herkt, Laura"]
[Black "Savchenko, Oleksey"]
[Result "0-1"]
[Termination "normal"]
[Board "10"]
[WhiteElo "924"]
[BlackElo "1329"]
[PlyCount "140"]
[BlackFideId "24611727"]
[EventCountry "GER"]
[EventRounds "11"]
[EventType "swiss"]
[EventDate "2000.06.03"]

1. c4 c5 2. Nc3 e6 3. d3 d5 4. e3 Nf6 5. d4 cxd4 6. exd4 Bb4 7. Bd2 Nc6 8. a3
Ba5 9. b4 Bc7 10. Be3 O-O 11. Nf3 Ne7 12. g3 Nf5 13. Qe2 dxc4 14. Qxc4 Nxe3 15.
fxe3 b6 16. Bg2 Bb7 17. Rg1 Ng4 18. Qd3 Rb8 19. Rh1 e5 20. e4 exd4 21. Nxd4 Be5
22. Rd1 Qf6 23. Rd2 Rbd8 24. Rf1 Rxd4 25. Rxf6 Rxd3 26. Rxd3 Nxf6 27. Re3 Rc8
28. Nd5 Rc1+ 29. Ke2 Ba6+ 30. Kf3 h6 31. Ne7+ Kh7 32. Nc6 Rxc6 33. Bh3 Rc3 34.
Bf5+ g6 35. Bh3 Rxe3+ 36. Kxe3 Bb2 37. a4 Bc4 38. Bc8 Bb3 39. a5 bxa5 40. bxa5
a6 41. Bxa6 Bc3 42. Bb7 Bxa5 43. h3 Be6 44. g4 h5 45. gxh5 Nxh5 46. e5 Bxh3 47.
Bc6 Bc7 48. Be8 Bxe5 49. Bxf7 Kh6 50. Ke4 Bg7 51. Kf3 g5 52. Kf2 g4 53. Bxh5
Kxh5 54. Kg3 Be5+ 55. Kf2 g3+ 56. Ke3 g2 57. Ke4 Bh8 58. Kd5 g1=Q 59. Kc4 Qd4+
60. Kb5 Bf1+ 61. Ka5 Qc3+ 62. Kb6 Bd4+ 63. Kb7 Bg2+ 64. Kb8 Be5+ 65. Ka7 Qb4
66. Ka6 Bb7+ 67. Ka7 Bd4+ 68. Kb8 Bc6+ 69. Kc7 Qb7+ 70. Kd6 Qd7# 0-1

[Event "DEM U10/U10w 2000"]
[Site "Überlingen GER"]
[Date "2000.06.10"]
[Round "11"]
[White "Rudolf, Sebastian"]
[Black "Müller, Reinhold"]
[Result "0-1"]
[Termination "normal"]
[Board "11"]
[WhiteElo "1063"]
[BlackElo "1248"]
[PlyCount "118"]
[WhiteFideId "24609390"]
[BlackFideId "24605875"]
[EventCountry "GER"]
[EventRounds "11"]
[EventType "swiss"]
[EventDate "2000.06.03"]

1. e4 c5 2. Nf3 d6 3. d4 cxd4 4. Nxd4 Nf6 5. Nc3 g6 6. Be3 Bg7 7. f3 O-O 8. Bc4
Nc6 9. Qd2 Bd7 10. O-O-O Rc8 11. Bb3 Ne5 12. g4 a6 13. h4 Nc4 14. Bxc4 Rxc4 15.
h5 Qa5 16. Nb3 Qc7 17. hxg6 fxg6 18. e5 dxe5 19. g5 Bf5 20. gxf6 Bxf6 21. Qh2
h5 22. Rhg1 Kh7 23. Qf2 b5 24. Bb6 Qc8 25. Na5 Rf4 26. Qc5 Qxc5 27. Bxc5 Rxf3
28. Nd5 Rc8 29. Nb3 Rxb3 30. axb3 Rxc5 31. Ne3 Be6 32. Kd2 Kh6 33. Kd3 Bg5 34.
Rg2 Bxe3 35. Kxe3 Bf5 36. Rc1 g5 37. c4 Be6 38. Rgc2 h4 39. cxb5 Rxc2 40. Rxc2
axb5 41. Rc6 Kg6 42. Rxe6+ Kf5 43. Rb6 g4 44. Rxb5 h3 45. Kf2 Kf4 46. Rb4+ e4
47. Rc4 g3+ 48. Kg1 Kf3 49. Rc8 e3 50. Rf8+ Ke4 51. Rf7 e5 52. Rf1 e2 53. Re1
Kf3 54. b4 h2+ 55. Kh1 Kf2 56. Rb1 e1=Q+ 57. Rxe1 Kxe1 58. Kg2 h1=Q+ 59. Kxh1
Kf2 0-1

[Event "DEM U10/U10w 2000"]
[Site "Überlingen GER"]
[Date "2000.06.10"]
[Round "11"]
[White "Szczap, Arthur"]
[Black "Katte, Nicolas"]
[Result "0-1"]
[Termination "normal"]
[Board "12"]
[WhiteElo "925"]
[BlackElo "1148"]
[PlyCount "38"]
[WhiteFideId "24637394"]
[BlackFideId "24614149"]
[EventCountry "GER"]
[EventRounds "11"]
[EventType "swiss"]
[EventDate "2000.06.03"]

1. e4 e5 2. Nf3 Nf6 3. Nxe5 d6 4. Nf3 Nxe4 5. d4 d5 6. Bd3 Bd6 7. Qe2 Bf5 8.
O-O O-O 9. c3 Re8 10. Qd1 Bg4 11. Nbd2 Nd7 12. Be2 c6 13. Re1 c5 14. dxc5 Bxc5
15. Nxe4 dxe4 16. Nd2 e3 17. fxe3 Rxe3 18. Kf1 Qh4 19. Ne4 Rxe4 0-1

[Event "DEM U10/U10w 2000"]
[Site "Überlingen GER"]
[Date "2000.06.10"]
[Round "11"]
[White "Gorodetski, Boris"]
[Black "Dinger, Florian"]
[Result "1/2-1/2"]
[Termination "normal"]
[Board "13"]
[WhiteElo "311"]
[BlackElo "1135"]
[PlyCount "84"]
[BlackFideId "24605573"]
[EventCountry "GER"]
[EventRounds "11"]
[EventType "swiss"]
[EventDate "2000.06.03"]

1. d4 Nf6 2. e3 g6 3. Bd3 Bg7 4. f4 d6 5. Nf3 Nbd7 6. O-O O-O 7. Nbd2 b6 8. b3
Bb7 9. Bb2 c5 10. c4 cxd4 11. exd4 Re8 12. d5 e6 13. dxe6 Rxe6 14. Re1 Rxe1+
15. Qxe1 Qe8 16. Ba3 d5 17. Rc1 dxc4 18. Bxc4 Qxe1+ 19. Rxe1 Re8 20. Rxe8+ Nxe8
21. Kf2 Bf8 22. Bxf8 Kxf8 23. Ke3 f5 24. g3 Nef6 25. Kd4 Ke7 26. Ne5 h6 27.
Nxd7 Nxd7 28. h4 Kf6 29. Bb5 Nf8 30. b4 Ne6+ 31. Ke3 a6 32. Be2 b5 33. a3 g5
34. Bf3 Bxf3 35. Nxf3 gxf4+ 36. gxf4 h5 37. Nd4 Nc7 38. Nc6 Ke6 39. Nd4+ Kf6
40. Nc6 Ke6 41. Nd4+ Kf6 42. Nc6 Ke6 1/2-1/2

[Event "DEM U10/U10w 2000"]
[Site "Überlingen GER"]
[Date "2000.06.10"]
[Round "11"]
[White "Zikeli, Saskia"]
[Black "Seyb, Alexander"]
[Result "1-0"]
[Termination "normal"]
[Board "14"]
[WhiteElo "1135"]
[BlackElo "1052"]
[PlyCount "109"]
[WhiteFideId "24601543"]
[BlackFideId "4699033"]
[EventCountry "GER"]
[EventRounds "11"]
[EventType "swiss"]
[EventDate "2000.06.03"]

1. d4 Nf6 2. c4 g6 3. Nc3 Bg7 4. e4 d6 5. f3 c6 6. Be3 a6 7. Qd2 b5 8. cxb5
cxb5 9. Bd3 Nc6 10. g4 Bb7 11. h4 Rc8 12. Nh3 Nd7 13. Be2 Nb6 14. d5 Ne5 15.
Bf4 Nbc4 16. Qc2 Qb6 17. Bxc4 Nxf3+ 18. Kd1 Rxc4 19. Rf1 Ne5 20. g5 b4 21. Qa4+
Nd7 22. Ne2 Qb5 23. Qxb5 axb5 24. Rc1 Nb6 25. b3 Rxc1+ 26. Kxc1 O-O 27. Kd2 Rc8
28. Nf2 Nd7 29. Nd3 Nc5 30. Ke3 Nxd3 31. Kxd3 Ra8 32. Rc1 Rc8 33. Rd1 Kf8 34.
Be3 Ke8 35. Nd4 Kd7 36. Rf1 Rf8 37. Nxb5 Ba6 38. Kc4 Rc8+ 39. Kxb4 Bxb5 40.
Kxb5 Ke8 41. a4 Rc3 42. Bg1 Rxb3+ 43. Kc4 Rb8 44. Rf3 Bb2 45. Rf2 Ba3 46. Ra2
Bc1 47. a5 Kd7 48. a6 Bf4 49. a7 Ra8 50. Kb5 Be5 51. Kb6 Kc8 52. Rc2+ Kd7 53.
Rc7+ Kd8 54. Kb7 Rxa7+ 55. Bxa7 1-0

[Event "DEM U10/U10w 2000"]
[Site "Überlingen GER"]
[Date "2000.06.10"]
[Round "11"]
[White "Stock, Lara"]
[Black "Weiß, Katharina"]
[Result "1-0"]
[Termination "normal"]
[Board "15"]
[WhiteElo "1114"]
[BlackElo "897"]
[PlyCount "123"]
[BlackFideId "24692859"]
[EventCountry "GER"]
[EventRounds "11"]
[EventType "swiss"]
[EventDate "2000.06.03"]

1. e4 c5 2. Nf3 d6 3. d4 cxd4 4. Nxd4 Nf6 5. Nc3 g6 6. Bc4 Bg7 7. h3 O-O 8. Be3
Nc6 9. O-O Bd7 10. Bb3 Rc8 11. Qd2 a6 12. a4 Rc7 13. Rad1 Qb8 14. Qd3 Nb4 15.
Qe2 Rfc8 16. Rd2 Bc6 17. Qc4 a5 18. Qxf7+ Kh8 19. Ne6 Rg8 20. Nxc7 Qxc7 21. g4
Rf8 22. Qc4 Qd7 23. e5 Ng8 24. exd6 exd6 25. Bd4 Qe7 26. Bxg7+ Qxg7 27. Rxd6
Qe5 28. Rfd1 Bf3 29. Rd8 Rxd8 30. Rxd8 Qe1+ 31. Qf1 Qxf1+ 32. Kxf1 h5 33. Rxg8+
Kh7 34. g5 h4 35. Rf8 Bc6 36. Rf7+ Kh8 37. Nb5 Be4 38. Rc7 Bf5 39. Rc4 Bxh3+
40. Ke1 Bf5 41. Rxh4+ Kg7 42. Kd2 b6 43. Nd6 Bd7 44. Nc4 Nd5 45. Ne5 Be6 46.
Bxd5 Bxd5 47. Rh6 Be4 48. f3 Bf5 49. Nc4 Kf7 50. Nd6+ Ke6 51. Nxf5 Kxf5 52. f4
Kxf4 53. Rxg6 Ke4 54. Rxb6 Ke5 55. g6 Kd5 56. g7 Ke5 57. g8=Q Ke4 58. Qe6+ Kf4
59. Rb7 Kf3 60. Rf7+ Kg3 61. Qg6+ Kh4 62. Rh7# 1-0

[Event "DEM U10/U10w 2000"]
[Site "Überlingen GER"]
[Date "2000.06.10"]
[Round "11"]
[White "Ohme, Melanie"]
[Black "Chyzynski, David"]
[Result "1-0"]
[Termination "normal"]
[Board "16"]
[WhiteElo "1121"]
[BlackElo "793"]
[PlyCount "61"]
[WhiteFideId "4690745"]
[BlackFideId "12956155"]
[EventCountry "GER"]
[EventRounds "11"]
[EventType "swiss"]
[EventDate "2000.06.03"]

1. e4 e5 2. Nf3 Nc6 3. Bc4 Nf6 4. Ng5 d5 5. exd5 Na5 6. Bb5+ c6 7. dxc6 bxc6 8.
Ba4 h6 9. Nf3 Bd6 10. d3 O-O 11. O-O Ba6 12. Re1 Bc5 13. Be3 Bxe3 14. fxe3 Qc7
15. Nc3 Qd6 16. Qd2 Bb7 17. Ne2 c5 18. Qxa5 Bxf3 19. gxf3 Qd5 20. Kf2 Qe6 21.
Ng3 Qh3 22. Rh1 Rad8 23. Rag1 c4 24. Qc3 cxd3 25. cxd3 Rd5 26. e4 Rfd8 27. exd5
Nxd5 28. Qxe5 Nb6 29. Nf5 f6 30. Qe7 Qxf5 31. Qxg7# 1-0

[Event "DEM U10/U10w 2000"]
[Site "Überlingen GER"]
[Date "2000.06.10"]
[Round "11"]
[White "Jussupow, Ekaterina"]
[Black "Schmidt, David"]
[Result "0-1"]
[Termination "normal"]
[Board "17"]
[WhiteElo "746"]
[BlackElo "1078"]
[PlyCount "104"]
[WhiteFideId "24625400"]
[EventCountry "GER"]
[EventRounds "11"]
[EventType "swiss"]
[EventDate "2000.06.03"]

1. e4 e5 2. Nf3 Nc6 3. d4 exd4 4. c3 d5 5. exd5 Qxd5 6. Nxd4 Nxd4 7. Qxd4 Qxd4
8. cxd4 Bb4+ 9. Bd2 Bxd2+ 10. Nxd2 Nf6 11. Rc1 c6 12. Bd3 O-O 13. O-O Be6 14.
Rfe1 Rad8 15. Nf3 Rfe8 16. b3 Re7 17. Bf5 Rde8 18. Bxe6 Rxe6 19. Rxe6 Rxe6 20.
Re1 Kf8 21. Rxe6 fxe6 22. Kf1 h6 23. Ke2 Ke7 24. Kd3 Ng4 25. Ke2 Kd6 26. h3 Nf6
27. Ke3 Nd5+ 28. Ke4 Nc3+ 29. Kf4 Nxa2 30. Kg4 Nc1 31. Nd2 g6 32. Nc4+ Kd5 33.
Ne5 Nxb3 34. Nxg6 a5 35. Kh5 a4 36. Nf4+ Kxd4 37. Ne2+ Kd3 38. g4 a3 39. Kxh6
a2 40. g5 a1=Q 41. g6 Qh8+ 42. Kg5 Nc5 43. Nf4+ Ke4 44. h4 e5 45. h5 exf4 46.
h6 Ne6+ 47. Kh5 b5 48. Kg4 Qxh6 49. f3+ Ke3 50. g7 Qxg7+ 51. Kh3 Kxf3 52. Kh2
Qg2# 0-1

[Event "DEM U10/U10w 2000"]
[Site "Überlingen GER"]
[Date "2000.06.10"]
[Round "11"]
[White "Ahlers, Hendrik"]
[Black "Fischer, Sven"]
[Result "0-1"]
[Termination "normal"]
[Board "18"]
[WhiteElo "504"]
[BlackElo "1028"]
[PlyCount "152"]
[EventCountry "GER"]
[EventRounds "11"]
[EventType "swiss"]
[EventDate "2000.06.03"]

1. e4 c5 2. Nf3 Nc6 3. Bb5 d6 4. Nc3 Bd7 5. d3 g6 6. Be3 Bg7 7. O-O Nf6 8. Qd2
O-O 9. Bh6 a6 10. Ba4 b5 11. Bb3 Bg4 12. Nh4 Nd4 13. Bd5 Rb8 14. h3 Bd7 15.
Rac1 b4 16. Nd1 Nxd5 17. exd5 Ne2+ 18. Qxe2 Bxh6 19. Ne3 Bg7 20. Nc4 Bb5 21. b3
Bc3 22. Nd2 a5 23. Ne4 Bg7 24. c3 Ra8 25. c4 Bd7 26. Nd2 a4 27. Rfe1 Re8 28.
Ne4 axb3 29. axb3 Ra3 30. Nd2 Ra2 31. Qe3 Bc3 32. Re2 Rb2 33. Nhf3 Ra2 34. Nb1
Rxe2 35. Qxe2 Bg7 36. Rd1 Qb6 37. Rd2 Ra8 38. Ra2 Re8 39. Nbd2 Kf8 40. Qe3 Qb7
41. Qe2 Ra8 42. Nb1 Ra6 43. Qd2 Qa7 44. Rxa6 Qxa6 45. Qd1 Qa1 46. Nfd2 Bf5 47.
Ne4 Qd4 48. Qe2 Bxe4 49. dxe4 Qa1 50. Qd1 Bd4 51. Kf1 Qb2 52. Qe1 Qxb3 53. Nd2
Qa2 54. Qe2 Bc3 55. Ke1 Qb1+ 56. Qd1 Qxe4+ 57. Kf1 Qd3+ 58. Ke1 Qxc4 59. Qf3
Qa2 60. Qe2 Qxd5 61. Kf1 Qxd2 62. Qxd2 Bxd2 63. Ke2 Bc3 64. Kd1 Ke8 65. Kc2 Kd7
66. Kb3 Kc6 67. Kc4 d5+ 68. Kd3 c4+ 69. Kc2 d4 70. g3 b3+ 71. Kc1 d3 72. h4 d2+
73. Kd1 b2 74. Kc2 b1=Q+ 75. Kxb1 d1=Q+ 76. Ka2 Qa1# 0-1